00566 2200217 4500001002100000005001700021008004100038035002400079082001300103090002000116100001400136245004000150250001100190260002800201300003100229500001100260650004100271850001500312985000600327999001500333YOGYA-0209000002809520090227024211.0 ind  0010-020900000028095 a959.8022 a959.8022bOng R aONGHOKHAM aRuntuhnya Hindia BelandacOnghokham aCet. 2 aJakartabGramediac1989 aviii, 286 hlmbilusc21 cm aIndeks aIndonesia - Sejarah - Jaman Kolonial aYOPDYOG(B) a1 a94P0046395